Geography Quiz

Random Geography or City Quiz

Begins and Ends: World Cities Quiz Stats

 Plays Quiz Updated Jun 29, 2017

Support Sporcle.
Go Orange.
Score 0/20 Timer 04:00
0 Plays Today
Begins and Ends City % Correct
H _ _ G     K _ _ GHong Kong
96.3%
L _ S     A _ _ _ _ _ SLos Angeles
94.3%
S _ O     P _ _ _ OSão Paulo
88.6%
M _ _ _ _ O     C _ _ YMexico City
87.6%
K _ _ _ A     L _ _ _ _ RKuala Lumpur
83.3%
S _ _ _ T     P _ _ _ _ _ _ _ _ GSaint Petersburg
78.7%
B _ _ _ _ S     A _ _ _ SBuenos Aires
76.3%
R _ _ ERome
73.7%
C _ _ E     T _ _ NCape Town
68%
A _ _ _ S     A _ _ _ AAddis Ababa
67%
Begins and Ends City % Correct
P _ _ _ M     P _ _ HPhnom Penh
63.2%
P _ _ _ _ _ XPhoenix
62.1%
B _ _ _ _ ÁBogotá
59.1%
I _ _ _ _ _ _ LIstanbul
58.4%
L _ _ _ SLagos
55.3%
T _ _ _ _ _ OToronto
51.9%
D _ _ _ ADhaka
47.3%
S _ _ _ _ _ _ _ ESingapore
42%
K _ _ _ _ _ IKarachi
36.6%
G _ _ _ _ _ _ _ UGuangzhou
27.8%

You're not logged in!

Compare scores with friends on all Sporcle quizzes.
OR
Log In
Forgot?

From the Vault

Barbecued or Boiled Shrimp? Movie Dilemmas III

by MoMosMoProblems

If we mention shrimp preparation methods in film, you probably already know what movie we're talking about.
Remove Ads.
Support Sporcle.
Get the best of Sporcle when you Go Orange. This ad-free experience offers more features, more stats, and more fun while also helping to support Sporcle. Thank you for becoming a member.

Show Comments

Extras

Top Quizzes Today


Score Distribution

Your Account Isn't Verified!

In order to create a playlist on Sporcle, you need to verify the email address you used during registration. Go to your Sporcle Settings to finish the process.

Report this User

Report this user for behavior that violates our Community Guidelines.

Details: